[Event "FSFMB June"]
[Site "Budapest HUN"]
[Date "2003.06.13"]
[Round "7"]
[White "Hocevar,N"]
[Black "Koczo,K"]
[Result "1/2-1/2"]
[WhiteElo "2119"]
[BlackElo "2089"]

1.c4 c6 2.e4 d5 3.exd5 cxd5 4.d4 Nf6 5.Nc3 Nc6 6.Bg5 e6 7.cxd5 exd5 8.Bb5 Be7
9.Nge2 O-O 10.O-O Bf5 11.Qd2 h6 12.Bf4 a6 13.Bd3 Bxd3 14.Qxd3 Qd7 15.h3 b5
16.Ng3 Rfe8 17.Rad1 Rac8 18.Qf5 Rcd8 19.Rfe1 Qxf5 20.Nxf5 Bf8 21.Rxe8 Rxe8
22.Ne3 Rd8 23.Be5 Be7 24.Kf1 Kf8 25.f3 Nxe5 26.dxe5 d4 27.exf6 Bxf6 28.Ke2 dxc3
29.Rxd8+ Bxd8 30.bxc3 Ke7 31.Kd3 Ke6 32.c4 Ke5 33.cxb5 axb5 34.g3 Ba5 35.f4+ Ke6
36.Nc2 Kd5 37.Nd4 Be1 38.Nxb5 Bxg3 39.Nc3+ Ke6 40.Ke4 f5+ 41.Kf3 Be1 42.Nb5 g5
43.Nd4+ Kf6 44.a4 Bd2 45.fxg5+ hxg5 46.Nb3 Bb4 47.a5 Bxa5 48.Nxa5 g4+ 49.hxg4 fxg4+
50.Kf4 g3 51.Kf3 g2 52.Kf2 g1=Q+ 53.Kxg1  1/2-1/2

[Event "IEWCC"]
[Site "Istanbul TUR"]
[Date "2003.06.13"]
[Round "10"]
[White "Prudnikova,S"]
[Black "Djingarova,E"]
[Result "1/2-1/2"]
[WhiteElo "2426"]
[BlackElo "2310"]

1.c4 c6 2.e4 g6 3.Nc3 Bg7 4.d4 d6 5.Nf3 Nd7 6.Be2 e5 7.O-O Ngf6 8.Be3 O-O
9.d5 c5 10.Ne1 Ne8 11.g4 Bf6 12.Qd2 Ng7 13.Nd3 Be7 14.f4 exf4 15.Bxf4 f6
16.a3 Ne5 17.Nxe5 fxe5 18.Be3 Bd7 19.b4 b6 20.Rxf8+ Qxf8 21.Nd1 Qc8 22.Nf2 Qc7
23.Rb1 Rf8 24.Qd1 Bh4 25.Kg2 Bc8 26.g5 Qe7 27.Qd2 Bxf2 28.Bxf2 Rf4 29.bxc5 bxc5
30.Qe3 Qxg5+ 31.Qg3 Qd8 32.Bf3 Qf8 33.Be3 Rf7 34.Bh6 Qd8 35.Bg5 Qf8 36.Be2 Ne8
37.Qh4 Nf6 38.Rf1 Nh5 39.Rxf7 Qxf7 40.Bxh5 gxh5 41.Qe1 Qg6 42.Qg3 Bg4 43.h3 Qxe4+
44.Kh2 Qe2+ 45.Kg1 Qd1+ 46.Kh2 Qe2+ 47.Kg1 Qd1+ 48.Kh2 Qe2+  1/2-1/2

[Event "4th IECC"]
[Site "Istanbul TUR"]
[Date "2003.06.13"]
[Round "13"]
[White "Stefansson,H"]
[Black "Mastrovasilis,D"]
[Result "0-1"]
[WhiteElo "2565"]
[BlackElo "2456"]

1.c4 c6 2.Nf3 d5 3.e3 Nf6 4.Qc2 e6 5.Nc3 Nbd7 6.b3 Bd6 7.Bb2 a6 8.Be2 Qe7
9.d4 O-O 10.O-O dxc4 11.bxc4 e5 12.c5 Bc7 13.h3 Re8 14.Bc4 b5 15.cxb6 Nxb6
16.Bb3 exd4 17.exd4 Be6 18.Na4 Nxa4 19.Bxa4 Bd5 20.Rfe1 Qd6 21.Ne5 Rac8 22.Re3 Nd7
23.Ba3 Qh6 24.Ng4 Qf4 25.Rxe8+ Rxe8 26.Bxc6 Bxc6 27.Qxc6 Qxd4 28.Rc1 Bf4
29.Bc5 Qxc5  0-1

[Event "4th IECC"]
[Site "Istanbul TUR"]
[Date "2003.06.13"]
[Round "13"]
[White "Roiz,M"]
[Black "Karadeniz,E"]
[Result "1/2-1/2"]
[WhiteElo "2529"]
[BlackElo "2308"]

1.c4 c6 2.Nf3 d5 3.e3 Nf6 4.Nc3 e6 5.Qc2 Nbd7 6.b3 Bd6 7.Bb2 a6 8.g4 Nxg4
9.Rg1 Nge5 10.Nxe5 Bxe5 11.O-O-O b5 12.d4 Bf6 13.e4 b4 14.Na4 Bb7 15.Bd3 g6
16.f4 dxe4 17.Bxe4 Qc7 18.Qd2 a5 19.Kb1 O-O-O 20.d5 Bxb2 21.d6 Qb8 22.Qxb2 c5
23.Bxb7+ Qxb7 24.Qg7 Qe4+ 25.Ka1 Qxf4 26.Rgf1 Qg4 27.h3 Qe2 28.Rde1 Qd2 29.Rd1 Qe2
30.Rde1 Qd2 31.Rd1  1/2-1/2

[Event "Master Open"]
[Site "Voronezh RUS"]
[Date "2003.06.13"]
[Round "2"]
[White "Gasanov,E"]
[Black "Deviatkin,A"]
[Result "1-0"]
[WhiteElo "2396"]
[BlackElo "2526"]

1.c4 c6 2.Nf3 d5 3.e3 Nf6 4.Nc3 a6 5.d4 b5 6.b3 Bg4 7.h3 Bxf3 8.Qxf3 e5 9.dxe5 Bb4
10.Bd2 Bxc3 11.Bxc3 Ne4 12.Bb4 bxc4 13.e6 Ra7 14.bxc4 c5 15.cxd5 Qxd5 16.Rd1 Qxe6
17.Ba3 O-O 18.Bd3 Nc3 19.Qh5 f5 20.Rc1 Qxa2 21.Rxc3 Qa1+ 22.Kd2 Qxh1 23.Bxc5 Qxg2
24.Bxa7 Qxf2+ 25.Qe2 Qg3 26.Bc5 Rd8 27.Be7 Re8 28.Bc4+ Kh8 29.Bf7 Qe5 30.Bxe8 Qxe7
31.Qc4 h6 32.Qc8 Qd6+ 33.Kc1  1-0

[Event "IEWCC"]
[Site "Istanbul TUR"]
[Date "2003.06.14"]
[Round "11"]
[White "Smokina,K"]
[Black "Mira,H"]
[Result "1-0"]
[WhiteElo "2269"]
[BlackElo "2126"]

1.c4 c6 2.Nc3 Nf6 3.g3 d5 4.cxd5 cxd5 5.Bg2 Nc6 6.d4 e6 7.Nf3 Ne4 8.O-O Be7
9.Nxe4 dxe4 10.Ne5 f5 11.Nxc6 bxc6 12.f3 Bf6 13.fxe4 Qxd4+ 14.Qxd4 Bxd4+
15.e3 Be5 16.exf5 Ke7 17.fxe6 Bxe6 18.Bxc6 Rab8 19.Rb1 Rb6 20.Be4 Bxa2 21.Ra1 Bc4
22.Rxa7+ Kd6 23.Rd1+ Ke6 24.Bg2 h5 25.Rd2 g5 26.Ra4 Bb5 27.Ra3 Ke7 28.Rf2 Rf8
29.Bf1  1-0

[Event "Master Open"]
[Site "Voronezh RUS"]
[Date "2003.06.14"]
[Round "3"]
[White "Arbakov,V"]
[Black "Dragomarezkij,E"]
[Result "1-0"]
[WhiteElo "2380"]
[BlackElo "2454"]

1.c4 c6 2.Nf3 d5 3.e3 Nf6 4.Nc3 g6 5.cxd5 cxd5 6.Bb5+ Bd7 7.Qb3 Bxb5 8.Qxb5+ Qd7
9.Ne5 Qxb5 10.Nxb5 Na6 11.b3 Nd7 12.f4 Bg7 13.Bb2 O-O 14.Ke2 Nxe5 15.fxe5 Nb4
16.d4 Rfc8 17.Rhc1 Nc2 18.Rab1 Bh6 19.Bc3 Nxe3 20.Bd2 Nf5 21.g4 Bxd2 22.Kxd2 Nh4
23.Nc7 Rab8 24.Nxd5 Rd8 25.Nxe7+ Kf8 26.Rc7 Rxd4+ 27.Kc3 Rf4 28.Nd5 Rf3+
29.Kb4 h5 30.gxh5 gxh5 31.Nf6 Ra8 32.Rxb7 a5+ 33.Kb5 Rf5 34.Ka4 Rf2 35.a3 Rf4+
36.Kb5 Rf5 37.Rg1 Ng6 38.Kb6 a4 39.b4 Rf3 40.Rg3 Rb3 41.e6  1-0

[Event "Master Open"]
[Site "Voronezh RUS"]
[Date "2003.06.17"]
[Round "5"]
[White "Arbakov,V"]
[Black "Amonatov,F"]
[Result "1-0"]
[WhiteElo "2380"]
[BlackElo "2558"]

1.c4 c6 2.Nf3 Nf6 3.b3 d5 4.Bb2 e6 5.e3 Nbd7 6.d4 Bd6 7.Nbd2 O-O 8.Qc2 Qe7
9.Ne5 c5 10.Bd3 b6 11.O-O cxd4 12.exd4 Bb7 13.Nxd7 Qxd7 14.c5 Rac8 15.b4 Bb8
16.Rfc1 Qc7 17.g3 bxc5 18.dxc5 e5 19.b5 Rcd8 20.c6 Bc8 21.a4 Rfe8 22.Bf1 a6
23.Ba3 e4 24.b6 Qxb6 25.Rab1 Qa7 26.Rxb8 Ng4 27.Qc5 Qxb8 28.c7 Qa8 29.cxd8=Q Rxd8
30.Bb2 Be6 31.Qd4 Nf6 32.a5 h6 33.Nb3  1-0

[Event "Master Open"]
[Site "Voronezh RUS"]
[Date "2003.06.19"]
[Round "7"]
[White "Arbakov,V"]
[Black "Skorchenko,D"]
[Result "1/2-1/2"]
[WhiteElo "2380"]
[BlackElo "2430"]

1.c4 c6 2.Nf3 d5 3.e3 Nf6 4.b3 g6 5.Bb2 Bg7 6.Be2 O-O 7.O-O Bg4 8.h3 Bxf3
9.Bxf3 Nbd7 10.d4 Re8 11.Nc3 e6 12.Re1 Nb6 13.Qe2 Qe7 14.a4 Nc8 15.e4 dxe4
16.Bxe4 Nxe4 17.Nxe4 Qd8 18.d5 cxd5 19.cxd5 e5 20.d6 f5 21.Red1 fxe4 22.d7 Re7
23.dxc8=Q Qxc8 24.Rac1 Qf5 25.Rc4 Rd7 26.Rxd7 Qxd7 27.Rxe4 Qd5 28.Qe3 Rd8
29.Bxe5 Re8 30.f4 g5 31.Rd4 Qc5 32.Qf2 Bxe5 33.fxe5 Qxe5 34.Rd1 Qe3 35.Rd7 Qxf2+
36.Kxf2 Rf8+ 37.Ke3 Rf7 38.Rxf7 Kxf7 39.Ke4 Ke6 40.a5 b6 41.a6 b5 42.b4 Kd6
43.Kd4 Kc6 44.Ke5 Kb6 45.Kd6 Kxa6 46.Kc6 h5  1/2-1/2

[Event "zt 3.2a"]
[Site "Ho Chi Minh City VIE"]
[Date "2003.06.21"]
[Round "1"]
[White "Nguyen Ngoc Truongson"]
[Black "Le Quang Liem"]
[Result "1/2-1/2"]
[WhiteElo "2440"]
[BlackElo "2202"]

1.c4 c6 2.g3 d5 3.Bg2 dxc4 4.Nf3 Nd7 5.Qc2 Nb6 6.Na3 g6 7.Nxc4 Bg7 8.O-O Nf6
9.b3 O-O 10.Bb2 a5 11.Nfe5 Be6 12.Rab1 Qc7 13.Rfe1 Rfd8 14.Nd3 Ne8 15.Nc5 Bc8
16.Bxg7 Nxg7 17.Red1 Ne6 18.Nxe6 Bxe6 19.d4 Rd7 20.Rd2 a4 21.e4 axb3 22.axb3 Rad8
23.Rbd1 f6 24.h3 Nc8 25.f4 Na7 26.Kh2 Nb5 27.d5 cxd5 28.exd5 Bf7 29.f5 Kg7
30.fxg6 hxg6 31.Rd3 Qc5 32.Qe2 Qb4 33.Qe3 Nd6 34.Qf4 b5 35.Nxd6 Qxf4 36.gxf4 Rxd6
37.Be4 f5 38.Bf3 e6 39.Rc3 exd5 40.Rc5 d4 41.Rxb5 Rc8 42.Rd2 Rc3 43.Bd1 Rd7
44.Rb4 d3 45.Kg3 Rc1 46.Kf2 Kh6 47.Ke3 Rc3 48.Rd4 Re7+ 49.Kf3 Bxb3 50.Bxb3 Rxb3
51.R4xd3 Rb4 52.Rd4  1/2-1/2

[Event "ch-Barents Region A"]
[Site "Alta NOR"]
[Date "2003.06.22"]
[Round "6"]
[White "Moen,S"]
[Black "Hansen,Vi"]
[Result "1/2-1/2"]
[WhiteElo "2165"]
[BlackElo "2119"]

1.c4 c6 2.e4 d5 3.exd5 cxd5 4.d4 Nf6 5.Nc3 e6 6.Nf3 Bb4 7.Bd3 dxc4 8.Bxc4 O-O
9.O-O b6 10.Re1 Bb7 11.a3 Be7 12.Bg5 Nc6 13.Bd3 h6 14.Bh4 Rc8 15.Bc2 Ba6
16.Bb1 Qd7 17.Ne5 Nxe5 18.dxe5 Qxd1 19.Rxd1 Nd5 20.Bxe7 Nxe7 21.Rd7 Nc6 22.Be4 Nxe5
23.Rxa7 Bd3 24.f4 Bxe4 25.fxe5 Bc6 26.Rd1 Rfd8 27.Rd6 Rxd6 28.exd6 Rd8 29.Ra6 Rxd6
30.Rxb6 e5 31.b4 e4 32.b5 e3 33.Rxc6 Rd1+ 34.Nxd1 e2 35.Ne3 e1=Q+ 36.Nf1 Qa5
37.b6 Qb5 38.Rc8+ Kh7 39.Rc3 Qxb6+ 40.Kh1 g5 41.h3 Kg6 42.Rf3 h5 43.Nh2 f5
44.g4 Qb1+ 45.Kg2 Qc2+ 46.Kg1 Qd1+ 47.Kg2 Qe2+ 48.Kg1 hxg4 49.hxg4 fxg4 50.Rg3 Kf5
51.Kh1 Qf2 52.Rxg4 Qe3 53.a4 Qf2 54.Rg1 Qa2 55.Rg4 Qb1+ 56.Kg2 Qc2+ 57.Kg3 Qc7+
58.Kg2 Qc1 59.Kf2 Qd2+ 60.Kg3 Qe1+  1/2-1/2

[Event "TCh-BIH"]
[Site "Jahorina BIH"]
[Date "2003.06.22"]
[Round "2"]
[White "Markovic,Miros"]
[Black "Vojinovic,G"]
[Result "1/2-1/2"]
[WhiteElo "2504"]
[BlackElo "2472"]

1.c4 c6 2.Nf3 Nf6 3.b3 d6 4.Bb2 g6 5.d4 Bg7 6.g3 O-O 7.Bg2 Bf5 8.O-O Na6
9.Qc1 Nc7 10.Rd1 Bxb1 11.Rxb1 e6 12.Qf4 d5 13.Ba3 Re8 14.Ne5 Bf8 15.Bc1 Qe7
16.g4 Rec8 17.Rd3 Nd7 18.Ba3 Qf6 19.Qg3 Nxe5 20.dxe5 Qd8  1/2-1/2

[Event "TCh-BIH"]
[Site "Jahorina BIH"]
[Date "2003.06.22"]
[Round "3"]
[White "Cekro,E"]
[Black "Blagojevic,D"]
[Result "1/2-1/2"]
[WhiteElo "2455"]
[BlackElo "2548"]

1.c4 c6 2.b3 e5 3.Bb2 d6 4.g3 Nf6 5.Bg2 Nbd7 6.Nc3 Be7 7.Nf3 O-O 8.O-O Re8
9.e4 a6 10.d4 Bf8 11.Qc2 b5 12.Nd1 Bb7 13.dxe5 dxe5 14.Ne3 Qb6 15.Rad1 Rad8
16.Rfe1 g6  1/2-1/2

[Event "TCh-BIH"]
[Site "Jahorina BIH"]
[Date "2003.06.22"]
[Round "3"]
[White "Kurajica,B"]
[Black "Scekic,M"]
[Result "1-0"]
[WhiteElo "2551"]
[BlackElo "2435"]

1.c4 c6 2.e4 d5 3.exd5 cxd5 4.cxd5 Nf6 5.Nc3 Nxd5 6.Nf3 e6 7.Bc4 Be7 8.O-O O-O
9.d4 Nc6 10.Re1 Nxc3 11.bxc3 b6 12.Bd3 Bb7 13.h4 Bxh4 14.Nxh4 Qxh4 15.Re3 g6
16.Rg3 Qe7 17.Bh6 Rfd8 18.Qg4 f5 19.Qe2 Re8 20.Re1 Qd7 21.Bc4 Nd8 22.Qe5 Rc8
23.Bb3 Qc7 24.Qxc7 Rxc7 25.d5 Rc5 26.Rd3 Ba6 27.Rd4 Bc8 28.Bg5 Nf7 29.Bf6 e5
30.f4 e4 31.Rc1 Rc7 32.d6 Rd7 33.Rcd1 Kf8 34.Ba4 Nh6 35.Re1 Ng4 36.Bh4 a6
37.Bc6 Kf7 38.Rb1 b5 39.a4 Re6 40.axb5 Rdxd6 41.Bd5 Rb6 42.Rc4 Ne3 43.Rc7+ Ke8  1-0

[Event "It"]
[Site "Pancevo YUG"]
[Date "2003.06.23"]
[Round "4"]
[White "Stanojoski,Z"]
[Black "Radlovacki,J"]
[Result "1-0"]
[WhiteElo "2497"]
[BlackElo "2411"]

1.c4 c6 2.b3 d5 3.Bb2 Nf6 4.Nf3 Bg4 5.e3 e6 6.Be2 Bd6 7.d4 Nbd7 8.Nbd2 Qb8
9.h3 Bh5 10.O-O O-O 11.Kh1 Re8 12.Rc1 Re7 13.Ng1 Bxe2 14.Nxe2 Ne4 15.Nxe4 dxe4
16.Nc3 f5 17.f3 exf3 18.Qxf3 g6 19.e4 Qf8 20.e5 Bb4 21.Nb1 Rd8 22.a3 Ba5
23.b4 Bc7 24.a4 Qe8 25.Na3 Nf8 26.Rcd1 Red7 27.Nc2 g5 28.b5 Qg6 29.bxc6 bxc6
30.Nb4 g4 31.Qg3 c5 32.Nc6 Re8 33.d5 exd5 34.cxd5 h5 35.Qd3 Rf7 36.Rde1 f4
37.Qxg6+ Nxg6 38.d6 Nf8 39.dxc7 Rxc7 40.Na5 Ne6 41.Nc4 Rb8 42.Bc3 Rb3 43.Rc1 Rf7
44.Nd6 Rg7 45.Ne4 Kh7 46.Rcd1 Kg6 47.Rd6 Kf5 48.Ng3+  1-0

[Event "zt 3.2a"]
[Site "Ho Chi Minh City VIE"]
[Date "2003.06.24"]
[Round "5"]
[White "Nguyen Ngoc Truongson"]
[Black "Megaranto,S"]
[Result "1/2-1/2"]
[WhiteElo "2440"]
[BlackElo "2436"]

1.c4 c6 2.g3 d5 3.Bg2 Nf6 4.Nf3 Bf5 5.cxd5 cxd5 6.Qb3 Qb6 7.Qxb6 axb6 8.Nc3 e6
9.d3 Nc6 10.Nb5 Bb4+ 11.Bd2 Bxd2+ 12.Kxd2 Ke7 13.Nfd4 Bg6 14.f4 Rhc8 15.Bh3 Bh5
16.Rhg1 Bg4 17.Bg2 h5 18.h3 Bf5 19.Nxf5+ exf5 20.Rgc1 g6 21.Bf3 Kd7 22.Rc3 Ra4
23.e3 Rca8 24.Na3 b5 25.Nxb5 Rb4 26.Rc5 Rxb2+ 27.Kc3 Raxa2 28.Rxa2 Rxa2 29.Bxd5 Nxd5+
30.Rxd5+ Ke7 31.e4 fxe4 32.dxe4 Rg2 33.Rd3 Ra2 34.Kb3 Ra8 35.Nc7 Rd8 36.Nd5+ Ke6
37.Kc4 f5 38.e5 Rd7 39.Nb4 Rxd3 40.Nxd3 g5 41.fxg5 h4 42.Nf4+ Kxe5 43.Ng6+ Ke4
44.Nxh4 f4 45.gxf4 Kxf4 46.g6 Kg5  1/2-1/2

[Event "TCh-BIH w"]
[Site "Jahorina BIH"]
[Date "2003.06.24"]
[Round "4"]
[White "Brcic,M"]
[Black "Kizova,S"]
[Result "0-1"]
[WhiteElo "2244"]
[BlackElo "2104"]

1.c4 c6 2.d4 d5 3.e3 Nf6 4.Nc3 a6 5.cxd5 cxd5 6.Bd3 Nc6 7.f4 Bg4 8.Qc2 Qa5
9.Qb1 Nb4 10.Be2 Bxe2 11.Ngxe2 e6 12.Bd2 Qd8 13.O-O Bd6 14.a3 Nc6 15.Nc1 Na5
16.b3 O-O 17.Rf3 Rc8 18.Qd3 b5 19.b4 Nc4 20.Be1 Qc7 21.Nb3 Qc6 22.Nc5 Bxc5
23.bxc5 Ne4 24.f5 exf5 25.Rxf5 Nxc3 26.Bxc3 Qg6 27.e4 Rce8 28.Rxd5 Rxe4 29.Rf1 Ne3
30.Rg5 Qxg5 31.Qxe4 Nxf1 32.Kxf1 h6 33.Kf2 Rd8 34.c6 Qf6+ 35.Ke3 Rc8 36.Kd3 Rxc6
37.Qe8+ Kh7 38.Qe4+ Kg8 39.Qe8+ Kh7 40.Qe4+ g6 41.Qf3 Qxf3+ 42.gxf3 f5 43.d5 Rc5
44.Kd4 Rc4+ 45.Kd3 Rc5 46.Kd4 Rc4+ 47.Kd3 Kg8 48.d6 Kf7  0-1

[Event "zt 3.2a"]
[Site "Ho Chi Minh City VIE"]
[Date "2003.06.25"]
[Round "6"]
[White "Villamayor,B"]
[Black "Goh Koon Jong,J"]
[Result "1-0"]
[WhiteElo "2484"]
[BlackElo "2297"]

1.c4 c6 2.Nf3 d5 3.d4 e6 4.Qc2 dxc4 5.Qxc4 b5 6.Qc2 Bb7 7.e4 a6 8.Be3 Nd7
9.Nbd2 Ngf6 10.Bd3 Ng4 11.Bg5 Qb6 12.O-O c5 13.h3 Ngf6 14.dxc5 Qxc5 15.Qd1 Be7
16.Rc1 Qd6 17.Qe2 e5 18.Nb3 O-O 19.Rfd1 Qe6 20.Na5 Rab8 21.a4 Qb6 22.Nxb7 Rxb7
23.Be3 Bc5 24.Rxc5 Nxc5 25.b4 Re8 26.Bxc5 Qc6 27.axb5 axb5 28.Ra1 Nd7 29.Be3 Qd6
30.Bd2 Reb8 31.Ra5 Qc6 32.Ne1 Nf8 33.Nc2 Ne6 34.Be3 g6 35.Na3 Qd6 36.Nc2 Qc6
37.g3 Kg7 38.h4 h5 39.Kh2 Qd7 40.Na3 Qd6 41.Nc2 Qd7 42.Qf1 Qc6 43.Qa1 Qd6
44.Be2 Rc8 45.Ra6 Qc7 46.Na3 Qc3 47.Qxc3 Rxc3 48.Nxb5 Rb3 49.Nd6 Rd7 50.Ne8+ Kh8
51.Bc4 Rxb4 52.Bxe6 fxe6 53.Rxe6 Kg8 54.Rxg6+ Kf7 55.Rf6+ Kxe8 56.Bc5 Rdd4
57.Bxb4 Rxb4 58.Re6+ Kf7 59.Rxe5 Kf6 60.Rxh5  1-0

[Event "TCh-BIH"]
[Site "Jahorina BIH"]
[Date "2003.06.25"]
[Round "7"]
[White "Cekro,E"]
[Black "Jeremic,V"]
[Result "1/2-1/2"]
[WhiteElo "2455"]
[BlackElo "2462"]

1.c4 c6 2.b3 d5 3.Bb2 Bg4 4.g3 e6 5.Bg2 Nf6 6.Nf3 Nbd7 7.O-O Bd6 8.d3 O-O
9.Nbd2 Qe7 10.a3 a5 11.Re1 Rfd8 12.Qc2 e5 13.h3 Bh5 14.Nh4 Qe6 15.e4 dxe4
16.dxe4 Ne8 17.Nf5 Bf8 18.g4 Bg6 19.Bc3 f6 20.b4 axb4 21.axb4 Bf7 22.Bf1 g6
23.Ne3 Nc7 24.c5 b6 25.cxb6 Nxb6 26.Ndc4 Nxc4 27.Bxc4 Qe7 28.Bxf7+  1/2-1/2

[Event "zt 3.2a"]
[Site "Ho Chi Minh City VIE"]
[Date "2003.06.26"]
[Round "7"]
[White "Nguyen Ngoc Truongson"]
[Black "Dableo,R"]
[Result "0-1"]
[WhiteElo "2440"]
[BlackElo "2305"]

1.c4 c6 2.g3 d5 3.Bg2 Nf6 4.Nf3 Bf5 5.cxd5 cxd5 6.Qb3 Bc8 7.O-O e6 8.Nc3 Be7
9.d4 O-O 10.Ne5 Nc6 11.Nxc6 bxc6 12.Na4 Ba6 13.Qc2 Bb5 14.Nc3 Qb6 15.Rd1 c5
16.Be3 Rfc8 17.Rac1 c4 18.f3 Bc6 19.Bf2 Rab8 20.Rb1 Qa6 21.Be1 Nd7 22.e4 Nb6
23.f4 dxe4 24.Bxe4 Bxe4 25.Qxe4 Qb7 26.b3 Qxe4 27.Nxe4 cxb3 28.Rxb3 Rc4 29.Ba5 f5
30.Nf2 Ra4 31.Bxb6 Rxb6 32.Rxb6 axb6 33.Nd3 Rxd4 34.Kf2 Bf6 35.Ke3 Re4+ 36.Kf3 Bd4
37.Nf2 Re3+ 38.Kg2 Bc5 39.Rd2 Ra3 40.h4 Kf7  0-1

[Event "TCh-BIH"]
[Site "Jahorina BIH"]
[Date "2003.06.27"]
[Round "9"]
[White "Cekro,E"]
[Black "Popchev,M"]
[Result "0-1"]
[WhiteElo "2455"]
[BlackElo "2450"]

1.c4 c6 2.b3 d5 3.Bb2 Bf5 4.Nf3 e6 5.g3 Nf6 6.Bg2 Nbd7 7.O-O h6 8.d3 Bc5
9.Nc3 O-O 10.e3 Re8 11.h3 Qe7 12.a3 a5 13.Qe2 Bg6 14.e4 dxe4 15.dxe4 e5 16.Rfd1 Bh5
17.Na4 Ba7 18.g4 Bg6 19.Ne1 Nh7 20.Nd3 Ng5 21.b4 Ne6 22.c5 Bb8 23.Bc3 Bc7
24.Qb2 axb4 25.axb4 f6 26.Bf1 Ng5 27.b5 Bxe4 28.Bg2 Bxg2 29.Kxg2 Qe6 30.Ne1 Nf8
31.b6 Bb8 32.Bd2 Qd5+ 33.f3 e4 34.Bxg5 Qxg5 35.Nc3 Rxa1 36.Rxa1 Be5 37.Qb3+ Ne6
38.Nxe4 Qf4 39.Rd1 Qh2+ 40.Kf1  0-1

[Event "zt 3.2a"]
[Site "Ho Chi Minh City VIE"]
[Date "2003.06.29"]
[Round "9"]
[White "Bui Vinh"]
[Black "Megaranto,S"]
[Result "1/2-1/2"]
[WhiteElo "2461"]
[BlackElo "2436"]

1.c4 c6 2.Nc3 d5 3.d4 Nf6 4.Bg5 e6 5.e3 Nbd7 6.Nf3 Be7 7.Rc1 O-O 8.Bd3 b6
9.O-O Bb7 10.cxd5 Nxd5 11.Bxe7 Qxe7 12.e4 Nxc3 13.bxc3 c5 14.Qe2 Rac8 15.e5 cxd4
16.cxd4 Rfd8 17.Be4 Nf8 18.Rfd1 h6 19.Rxc8 Rxc8 20.Nd2 Bd5 21.Bxd5 exd5 22.Nf1 Ne6
23.Ne3 Qd7 24.g3 Ng5 25.Kg2 Qh3+ 26.Kg1 Qd7 27.Qd3 Nf3+ 28.Kg2 Ng5  1/2-1/2

[Event "ch-BEL"]
[Site "Eupen BEL"]
[Date "2003.07.06"]
[Round "2"]
[White "Cekro,E"]
[Black "Marechal,A"]
[Result "1-0"]
[WhiteElo "2441"]
[BlackElo "2256"]

1.c4 c6 2.b3 d5 3.Bb2 Bg4 4.g3 e6 5.Bg2 Nf6 6.Nf3 Nbd7 7.O-O Bd6 8.d3 O-O
9.a3 a5 10.Qc2 h6 11.e4 dxe4 12.dxe4 e5 13.Nbd2 Re8 14.h3 Bxf3 15.Nxf3 Bc5
16.Rfd1 Qb6 17.Bc3 Bf8 18.Re1 Rad8 19.Bf1 Bc5 20.Qb2 Qc7 21.b4 axb4 22.axb4 Bf8
23.c5 b6 24.cxb6 Qxb6 25.Bc4 Rb8 26.Ra6 Qb7 27.Qa2 Re7 28.Ra7 Qb6 29.Nh4 c5
30.b5 Kh7 31.Nf5 Re6 32.Ra6 Qb7 33.Ra7 Qb6 34.g4 Rb7 35.Ra6 Qc7 36.Bxe6 fxe6
37.Qxe6 Rxb5 38.Ne3 c4 39.Rc6 Qb7 40.Qxc4 Be7 41.Nf5 Bf8 42.Rc7 Qb6 43.Qc6 Bc5
44.Qxb6 Bxb6 45.Rc4 Bc5 46.Ba1 Ra5 47.Bc3 Rb5 48.Bd2 Rb2 49.Be3 Bb4 50.Ra1 Bf8
51.Ra7 g6 52.Rc6  1-0

[Event "ch-NOR"]
[Site "Fredrikstad NOR"]
[Date "2003.07.09"]
[Round "6"]
[White "Lie,K"]
[Black "Hole,O"]
[Result "1-0"]
[WhiteElo "2440"]
[BlackElo "2289"]

1.c4 c6 2.g3 d5 3.Bg2 Nf6 4.Nf3 Bf5 5.cxd5 cxd5 6.Qb3 Qc8 7.Nc3 e6 8.O-O Nc6
9.d3 Bg4 10.Bf4 Qd7 11.Ne5 Nxe5 12.Bxe5 Be7 13.e4 dxe4 14.dxe4 O-O 15.h3 Bh5
16.g4 Bg6 17.Rfd1 Qc6 18.Bxf6 gxf6 19.f4 f5 20.exf5 Qc5+ 21.Kh1 exf5 22.Rd5 Qc8
23.Re5 Bd6 24.Bxb7 Qb8 25.gxf5 Bxe5 26.fxg6 Bxc3 27.gxh7+ Kxh7 28.bxc3 Qxf4
29.Bxa8 Rxa8 30.Qd5 Rb8 31.Qh5+ Kg7 32.Rg1+ Kf6 33.Qe2 Rh8 34.Qg2 Ke6 35.Re1+ Kd6
36.Rf1 Qe3 37.Rf6+ Ke7 38.Rf3 Qe1+ 39.Rf1 Qxc3 40.Qb7+ Kd6 41.Rd1+ Ke5 42.Qe7+ Kf4
43.Qxf7+ Ke3 44.Rf1 Qc6+ 45.Kg1 Qb6 46.Qf3+ Kd4 47.Kh1 Rd8 48.Rd1+ Ke5 49.Qh5+ Ke6
50.Qg6+ Ke7 51.Qg5+ Ke8 52.Qe5+ Kf7 53.Rf1+ Kg6 54.Rg1+  1-0

[Event "32nd TCh-GRE"]
[Site "Kallithea Chalkidiki GRE"]
[Date "2003.07.09"]
[Round "7"]
[White "Baloutsou,V"]
[Black "Petsetidi,M"]
[Result "1/2-1/2"]
[WhiteElo "2043"]
[BlackElo "2011"]

1.c4 c6 2.d4 d5 3.Nf3 Nf6 4.Qc2 dxc4 5.Qxc4 Bf5 6.g3 Nbd7 7.Bg2 Nb6 8.Qb3 e6
9.O-O Qd5 10.Nc3 Qxb3 11.axb3 Bb4 12.Na4 Nbd5 13.Bd2 O-O 14.Rac1 Ne4 15.Bxb4 Nxb4
16.Nh4 Nd2 17.Nxf5 Nxf1 18.Ne7+ Kh8 19.Kxf1 Rfe8 20.Rc4 a5 21.Nb6 Rad8 22.Nec8 Rxc8
23.Nxc8 Rxc8 24.Rc5 b6 25.Rc1 g6 26.e3 Kg7 27.Ke2 Rd8 28.Rc3 Rd6 29.Rc1 Rd8
30.Rc3 Rd6 31.Rc1  1/2-1/2

[Event "25th Open"]
[Site "Oberwart AUT"]
[Date "2003.07.09"]
[Round "5"]
[White "Rukavina,J"]
[Black "Burmakin,V"]
[Result "0-1"]
[WhiteElo "2408"]
[BlackElo "2575"]

1.c4 c6 2.Nf3 d5 3.e3 Nf6 4.Nc3 a6 5.d4 b5 6.cxd5 cxd5 7.Bd3 e6 8.Ne5 Nbd7
9.f4 Bb7 10.O-O Be7 11.Bd2 O-O 12.Qe2 Ne4 13.Nxd7 Qxd7 14.a4 Bc6 15.axb5 axb5
16.Rfc1 g6 17.Be1 b4 18.Nd1 Rfc8 19.Nf2 Nxf2 20.Kxf2 Rxa1 21.Rxa1 Ba4 22.Bd2 Bb3
23.Rb1 Qa4 24.Rc1 Rxc1 25.Bxc1 Qa1 26.Qf1 Qa2 27.Kf3 Bc4 28.Be2 h5 29.g3 Kg7
30.h3 h4 31.g4 g5 32.fxg5 Bxg5 33.Kf2 Be7 34.Kf3 Bd6 35.Bxc4 dxc4 36.Qe2 Qb3
37.g5 Bg3 38.Kg4 c3 39.bxc3 bxc3 40.e4 Qb1 41.Qe3 Qc2 42.Ba3 Qd1+ 43.Qf3 c2
44.g6 Kxg6 45.e5  0-1

[Event "25th Open"]
[Site "Oberwart AUT"]
[Date "2003.07.09"]
[Round "5"]
[White "Schroll,G"]
[Black "Bannink,B"]
[Result "0-1"]
[WhiteElo "2414"]
[BlackElo "2265"]

1.c4 c6 2.Nc3 d5 3.e3 Nf6 4.Nf3 g6 5.cxd5 cxd5 6.Bb5+ Bd7 7.Ne5 Bxb5 8.Nxb5 Nbd7
9.Qa4 Bg7 10.Nxd7 Nxd7 11.d4 O-O 12.O-O a6 13.Nc3 e6 14.Bd2 Nb6 15.Qb3 Nc4
16.Rfd1 Qb6 17.Be1 Qxb3 18.axb3 Nb6 19.Na2 Rfc8 20.Ba5 Nd7 21.Rac1 Bf8 22.Rc7 Rxc7
23.Bxc7 Rc8 24.Rc1 Be7 25.Kf1 Kf8 26.Ke2 Ke8 27.g4 Nf6 28.f3 Kd7 29.Be5 Rxc1
30.Nxc1 Ne8 31.Nd3 f6 32.Bg3 b6 33.h3 Nd6 34.Kd2 Nf7 35.Ke2 Nd6 36.Be1 Nf7
37.Bb4 Nd6 38.Nf4 a5 39.Be1 Nf7 40.h4 Bd6 41.Bg3 Bxf4 42.Bxf4 h5 43.gxh5 gxh5
44.e4 Nh8 45.Kd3 Ng6 46.Bg3 Kc6 47.Kc3 Kb5 48.exd5 exd5 49.Kd3 Ne7 50.Kc3 Nf5
51.Bf2 Kc6 52.Kc2 b5 53.Kc3 b4+ 54.Kd3 Kb5 55.Kc2 a4 56.Kd2 axb3 57.Kd3 Nd6
58.Be3 Nc4 59.Bc1 Kc6 60.Ke2 Kd6 61.Kd3 Ke6 62.Ke2 f5 63.Kd3 f4 64.Ke2 Kf6
65.Kd3 Ke6 66.Ke2 Kd7 67.Kd3 Kc6 68.Ke2 Kb6 69.Kd3 Kb5 70.Ke2 Nd6 71.Bxf4 Nf5
72.Bg5 Kc4 73.Bf6 Nxd4+ 74.Ke3 Ne6 75.Be5 d4+ 76.Kd2 Nc5 77.Bd6 Nd3 78.f4 Nxb2
79.f5 Kd5 80.Bxb4 Nc4+  0-1

[Event "Open"]
[Site "Montpellier FRA"]
[Date "2003.07.10"]
[Round "4"]
[White "Miezis,N"]
[Black "Vajda,Al1"]
[Result "1/2-1/2"]
[WhiteElo "2508"]
[BlackElo "2447"]

1.c4 c6 2.e4 e6 3.Nf3 d5 4.exd5 exd5 5.d4 Nf6 6.Nc3 Be7 7.Bd3 dxc4 8.Bxc4 O-O
9.O-O Nbd7 10.Re1 Nb6 11.Bb3 c5 12.dxc5 Qxd1 13.Rxd1 Bxc5 14.Bg5 Bf5 15.Bxf6 gxf6
16.Rac1 Rac8 17.h3 Bg6 18.a4 Bb4 19.Nb5 Rxc1 20.Rxc1 a6 21.Nbd4 Rc8 22.Rd1 Nc4
23.Bxc4 Rxc4 24.Nh4 Rc5 25.Nb3 Re5 26.Rd8+ Kg7 27.Nd4 Bc5 28.g4 Bxd4 29.Rxd4 a5
30.Rd7 Re4 31.Rxb7 Rxa4 32.Kg2 f5 33.Nxg6 hxg6 34.gxf5 gxf5 35.Kf3 Ra1 36.Kf4 a4
37.Kxf5 a3 38.bxa3 Rxa3 39.Kg4 Ra1 40.Rb5 Ra4+ 41.f4 Ra1 42.h4 Rh1 43.Rb2 Kf6
44.Rb6+ Kg7 45.h5 Rg1+ 46.Kf5 Rh1 47.h6+ Rxh6 48.Rxh6 Kxh6 49.Kf6 Kh5 50.f5 Kg4
51.Kxf7 Kxf5  1/2-1/2

[Event "Open"]
[Site "Montpellier FRA"]
[Date "2003.07.11"]
[Round "5"]
[White "Williams,Si"]
[Black "Libiszewski,F"]
[Result "1/2-1/2"]
[WhiteElo "2381"]
[BlackElo "2458"]

1.c4 c6 2.Nc3 d5 3.d4 Nf6 4.Nf3 a6 5.e3 b5 6.b3 Bg4 7.h3 Bxf3 8.gxf3 Nbd7
9.f4 e6 10.c5 g6 11.Bd3 Bg7 12.Qf3 Nh5 13.Bb2 f5 14.Rb1 Qa5 15.Rc1 Nhf6 16.Qe2 Ne4
17.Qc2 Bf6 18.O-O Nxc3 19.Bxc3 Qd8 20.Kh1 Bg7 21.f3 a5 22.Be1 Nf6  1/2-1/2

[Event "Andorra"]
[Site "Andorra la Vella AND"]
[Date "2003.07.12"]
[Round "8"]
[White "Ivanisevic,I"]
[Black "Oms Pallise,J"]
[Result "0-1"]
[WhiteElo "2563"]
[BlackElo "2476"]

1.c4 c6 2.d4 d5 3.Nc3 Nf6 4.e3 a6 5.Qc2 e6 6.Nf3 c5 7.cxd5 exd5 8.e4 cxd4
9.Nxd5 Nxd5 10.exd5 Bb4+ 11.Bd2 Bxd2+ 12.Qxd2 Qxd5 13.Qxd4 Qe6+ 14.Qe3 Qxe3+
15.fxe3 Nc6 16.Nd4 Nxd4 17.exd4 Be6 18.b3 O-O-O 19.O-O-O Rd6 20.Kb2 Rhd8
21.Kc3 Rc6+ 22.Kb2 Rcd6 23.Kc3 Rc6+ 24.Kb2 Bd5 25.Rd2 Re8 26.Bd3 g6 27.Rf1 f5
28.Rf4 Kd7 29.g4 fxg4 30.Rxg4 Rf6 31.Kc3 Ref8 32.Bc4 Kd6 33.Rg5 Rf5 34.h4 Bf3
35.Rf2 Be4 36.Re2 Rf3+ 37.Kb4 Bf5 38.a4 Rf4 39.Ka5 Rxh4 40.Kb6 Rxd4 41.Kxb7 a5
42.Kb6 h5 43.Kxa5 h4 44.Kb6 h3 45.Rg1 Rb8+ 46.Ka7 Rh8 47.Rh1 g5 48.Kb6 g4
49.Rf1 Be4 50.Rf6+ Ke5 51.Re6+ Kf4 52.Rf6+ Kg3 53.Kc5 Rxc4+ 54.Kxc4 Bf3 55.Re1 h2
56.b4 Kf2  0-1